[Event "FIDE Grand Swiss 2021"]
[Site "Riga"]
[Date "01.11.2021"]
[Round "6"]
[White "Suleymanli, Aydin"]
[Black "Adly, Ahmed"]
[Result "1-0"]
[WhiteElo "2541"]
[BlackElo "2602"]

1. d4 Nf6 2. c4 e6 3. Nf3 Bb4+ 4. Nbd2 O-O 5. a3 Be7 6. b4 d5 7. e3 Ne4 8.
Nxe4 dxe4 9. Nd2 f5 10. Bb2 Nd7 11. f3 exf3 12. Qxf3 a5 13. b5 e5 14. dxe5
Nc5 15. Be2 Be6 16. Bd4 f4 17. O-O Rf5 18. Rad1 fxe3 19. Qxe3 Bg5 20. Qc3
Bxd2 21. Qxd2 Nb3 22. Qe3 Rxf1+ 23. Bxf1 Nxd4 24. Rxd4 Qe7 25. Be2 b6 26.
Bf3 Rf8 27. Bd5 g6 28. h3 Kg7 29. Bxe6 Qxe6 30. Rd5 Rf7 31. Qd4 Re7 32. c5
Kf8 33. c6 Kg7 34. Rd7 Kf8 35. Rxc7 Qxe5 36. Qxe5 Rxe5 37. Rxh7 Rc5 38. c7
Ke8 39. h4 1-0

[Event "FIDE Grand Swiss 2021"]
[Site "Riga"]
[Date "01.11.2021"]
[Round "6"]
[White "Meshkovs, Nikita"]
[Black "Budisavljevic, Luka"]
[Result "1/2-1/2"]
[WhiteElo "2550"]
[BlackElo "2508"]

1. d4 e6 2. g3 c5 3. Nf3 cxd4 4. Nxd4 Nf6 5. Bg2 d5 6. O-O e5 7. Nb3 Be6 8.
Bg5 Nbd7 9. f4 exf4 10. gxf4 g6 11. Nc3 Be7 12. Qd4 Qb6 13. Rad1 Rc8 14.
Kh1 O-O 15. Qxb6 Nxb6 16. f5 gxf5 17. Nd4 Bd8 18. Nxf5 Ng4 19. Ne7+ Bxe7
20. Bxe7 Rfe8 21. Bg5 f6 22. Bc1 Kg7 23. Rd3 Ne5 24. Rg3+ Ng6 25. Be3 Rc4
26. Rd1 Na4 27. Nxa4 Rxa4 28. Bd4 Bf5 29. e3 Bxc2 30. Rf1 Ra6 31. h4 h5 32.
Bxd5 Be4+ 33. Bxe4 Rxe4 34. Rf5 Rxh4+ 35. Kg2 Kf7 36. Rb5 b6 37. Bc3 Rg4
38. Rxh5 Rxg3+ 39. Kxg3 Ke6 40. a3 Ra4 41. Bb4 Ne7 42. b3 Ra6 43. a4 Nd5
44. Bd2 b5 45. e4 Nc7 46. a5 Rd6 47. Bf4 Rc6 48. Rh7 Na6 49. Rxa7 Nc5 50.
Be3 Nxb3 51. a6 Nc5 52. Bxc5 Rxc5 53. Ra8 Rc7 54. Kf4 b4 55. Rb8 Ra7 56.
Rb6+ Kd7 57. Rxf6 Kc7 58. Ke3 Ra8 59. Rf7+ Kb6 60. Rb7+ Kc6 61. Rxb4 Rxa6
62. Rd4 Ra8 63. Kf4 Kc5 64. Rd5+ Kc6 65. Rd4 Kc5 66. Rd7 Kc6 67. Rd5 Rf8+
68. Rf5 Rd8 69. Rf7 Kd6 70. Kf5 Re8 71. Rf6+ Kd7 72. e5 Rh8 73. Rf7+ Ke8
74. Ke6 Rh6+ 75. Rf6 Rh7 76. Rg6 Re7+ 77. Kf5 Rf7+ 78. Rf6 Ra7 79. Rh6 Rf7+
80. Ke6 Re7+ 81. Kd5 Rd7+ 82. Rd6 Ke7 83. Rxd7+ Kxd7 84. e6+ Ke7 85. Ke5
Ke8 86. Kd6 Kd8 87. e7+ Ke8 88. Ke6 1/2-1/2

[Event "FIDE Grand Swiss 2021"]
[Site "Riga"]
[Date "01.11.2021"]
[Round "6"]
[White "Morovic Fernandez, Ivan"]
[Black "Miezis, Normunds"]
[Result "1/2-1/2"]
[WhiteElo "2510"]
[BlackElo "2467"]

1. e4 c5 2. Nf3 e6 3. d4 cxd4 4. Nxd4 a6 5. Bd3 Nc6 6. Nxc6 dxc6 7. Nd2 Qc7
8. Qg4 b5 9. a4 Bb7 10. Qg3 Qxg3 11. hxg3 Nf6 12. Nb3 Nd7 13. Be3 Rc8 14.
Be2 Be7 15. f3 O-O 16. g4 h6 17. O-O Rfd8 18. Rfd1 Kf8 19. Kf2 Ke8 20. Rd2
Rb8 21. c3 Rbc8 22. Rdd1 Rb8 23. axb5 cxb5 24. Na5 Ba8 25. c4 bxc4 26. Nxc4
Bb7 27. Nd6+ Bxd6 28. Rxd6 Rdc8 29. Rad1 Bc6 30. Bxa6 Rxb2+ 31. R1d2 Rxd2+
32. Bxd2 Ke7 33. Bb4 Rb8 34. Ba3 Ba8 35. Bb5 Rxb5 36. Rb6+ Rc5 37. Rb5 Kd6
38. Bxc5+ Nxc5 39. Rb8 Bc6 40. Rg8 g5 41. Rh8 Nd3+ 42. Ke3 Nf4 43. g3 Ng6
44. Rxh6 Ne5 45. Rh5 1/2-1/2

[Event "FIDE Grand Swiss 2021"]
[Site "Riga"]
[Date "01.11.2021"]
[Round "6"]
[White "Gretarsson, Hjorvar Steinn"]
[Black "Rakotomaharo, Fy Antenaina"]
[Result "1-0"]
[WhiteElo "2577"]
[BlackElo "2484"]

1. c4 e6 2. Nc3 d5 3. d4 Nf6 4. cxd5 exd5 5. Bg5 c6 6. e3 Be7 7. Bd3 O-O 8.
h3 Re8 9. Nf3 Ne4 10. Bf4 Bd6 11. Bxd6 Nxd6 12. Qc2 g6 13. h4 Bf5 14. Bxf5
Nxf5 15. h5 Nd7 16. O-O-O Qf6 17. e4 Ne7 18. Qd2 b5 19. e5 Qg7 20. hxg6
fxg6 21. Ng5 Nf8 22. Rh2 h6 23. Nf3 Kh7 24. Rdh1 Ng8 25. Ng5+ Kh8 26. g4
Ne6 27. Nf7+ Kh7 28. Nxh6 Nxh6 29. Rxh6+ Kg8 30. f4 1-0

[Event "FIDE Grand Swiss 2021"]
[Site "Riga"]
[Date "03.11.2021"]
[Round "7"]
[White "Firouzja, Alireza"]
[Black "Najer, Evgeniy"]
[Result "1-0"]
[WhiteElo "2770"]
[BlackElo "2654"]

1. e4 e5 2. Nf3 Nf6 3. d4 Nxe4 4. dxe5 d5 5. Nbd2 Nxd2 6. Bxd2 Be7 7. c3 c5
8. Bd3 Nc6 9. O-O Bg4 10. Re1 Qd7 11. h3 Bh5 12. Bf4 Qe6 13. Be2 O-O 14.
Qd2 Bg6 15. Rad1 Be4 16. Ng5 Bxg5 17. Bxg5 d4 18. Bf1 Qg6 19. Qf4 Bc2 20.
Rd2 Rae8 21. Bh4 Kh8 22. f3 a6 23. Bf2 Rd8 24. Rc1 Bb1 25. cxd4 Nxd4 26.
Bxd4 cxd4 27. a3 Ba2 28. Rxd4 Qb6 29. Rd1 Rfe8 30. Kh2 Rxd4 31. Qxd4 Qxd4
32. Rxd4 g5 33. Rd7 b5 34. Rd6 Rxe5 35. Rxa6 Bc4 36. Bxc4 bxc4 37. a4 Rc5
38. Rb6 c3 39. bxc3 Rxc3 40. a5 Kg7 41. a6 Ra3 42. Kg3 Ra2 43. f4 gxf4+ 44.
Kxf4 Rxg2 45. Ke5 Ra2 46. Kd6 f5 47. Kc7 f4 48. Kb8 f3 49. a7 f2 50. Rb1
f1=Q 51. Rxf1 Rb2+ 52. Ka8 Rb3 53. Rc1 Kg6 54. Rc7 h5 55. Rb7 Rxh3 56. Rb6+
Kg5 57. Kb7 Ra3 58. Ra6 Rb3+ 59. Kc7 1-0

[Event "FIDE Grand Swiss 2021"]
[Site "Riga"]
[Date "03.11.2021"]
[Round "7"]
[White "Sasikiran, Krishnan"]
[Black "Vachier-Lagrave, Maxime"]
[Result "1/2-1/2"]
[WhiteElo "2640"]
[BlackElo "2763"]

1. e4 c5 2. Nf3 d6 3. d4 cxd4 4. Nxd4 Nf6 5. Nc3 a6 6. Be3 e5 7. Nb3 Be6 8.
f3 Be7 9. Qd2 O-O 10. O-O-O Nbd7 11. g4 b5 12. g5 Nh5 13. Kb1 Nb6 14. Na5
Rc8 15. Nd5 Nxd5 16. exd5 Bxd5 17. Qxd5 Qxa5 18. Bd3 g6 19. Be4 Qc7 20. Qd3
Rfe8 21. Bd5 Bf8 22. h4 a5 23. c3 Qd7 24. a3 Rc7 25. Rhg1 Rb8 26. Bb3 Kh8
27. Rgf1 Ng3 28. Rg1 Nh5 29. Rgf1 Ng3 30. Rg1 Nh5 1/2-1/2

[Event "FIDE Grand Swiss 2021"]
[Site "Riga"]
[Date "03.11.2021"]
[Round "7"]
[White "Esipenko, Andrey"]
[Black "Shirov, Alexei"]
[Result "1/2-1/2"]
[WhiteElo "2720"]
[BlackElo "2659"]

1. e4 e5 2. Nf3 Nc6 3. Bb5 a6 4. Ba4 Nf6 5. O-O b5 6. Bb3 Bc5 7. a4 Rb8 8.
c3 d6 9. d4 Bb6 10. a5 Ba7 11. Be3 Bg4 12. Nbd2 exd4 13. cxd4 O-O 14. h3
Bh5 15. Re1 Bxd4 16. Nxd4 Nxd4 17. g4 Nxb3 18. Qxb3 Bg6 19. Bg5 h6 20. Bh4
Bh7 21. f4 g5 22. fxg5 Nd7 23. Nf3 Ne5 24. Nxe5 dxe5 25. Qe3 hxg5 26. Bxg5
f6 27. Bh4 Qd4 28. Rac1 Qxb2 29. Rc6 Qd4 30. Bxf6 Rf7 31. g5 b4 32. Qxd4
exd4 33. Bxd4 Rd7 34. Bb2 Rd2 35. Bc1 Rd3 36. Kf2 Rf8+ 37. Kg2 Rff3 38.
Rxc7 Rg3+ 39. Kf2 Rdf3+ 40. Ke2 Bxe4 41. Kd1 Rd3+ 42. Bd2 Rg2 43. Rxe4
Rgxd2+ 44. Kc1 Rd1+ 45. Kb2 R1d2+ 46. Rc2 Rxc2+ 47. Kxc2 Rxh3 48. Re6 Rc3+
49. Kb2 Ra3 50. Rxa6 Kg7 51. Ra8 Kg6 52. a6 Kg7 53. a7 Kh7 54. g6+ Kg7 55.
Rb8 1/2-1/2

[Event "FIDE Grand Swiss 2021"]
[Site "Riga"]
[Date "03.11.2021"]
[Round "7"]
[White "Caruana, Fabiano"]
[Black "Sevian, Samuel"]
[Result "1/2-1/2"]
[WhiteElo "2800"]
[BlackElo "2654"]

1. d4 Nf6 2. c4 e6 3. Nc3 Bb4 4. f3 c5 5. d5 O-O 6. e4 d6 7. Ne2 b5 8. Nf4
exd5 9. Nxd5 Nxd5 10. Qxd5 Qb6 11. cxb5 Bb7 12. Qd2 d5 13. a3 Bxc3 14. Qxc3
d4 15. Qc2 a6 16. bxa6 Bxa6 17. Bxa6 Qxa6 18. Qxc5 Rc8 19. Qd5 Ra7 20. Bd2
Rac7 21. Rd1 Rc2 22. Qxd4 Nc6 23. Qe3 Rxb2 24. Bc3 Rc2 25. Rf1 Qxa3 26. Bd2
Qxe3+ 27. Bxe3 Rxg2 28. Rd2 Rxd2 29. Kxd2 Ne5 30. Bf4 f6 31. Bg3 Kf7 32. f4
Nc4+ 33. Kd3 Nb2+ 34. Ke3 Nc4+ 35. Kd3 Nb2+ 36. Ke3 Nc4+ 1/2-1/2

[Event "FIDE Grand Swiss 2021"]
[Site "Riga"]
[Date "03.11.2021"]
[Round "7"]
[White "Anton Guijarro, David"]
[Black "Dubov, Daniil"]
[Result "1/2-1/2"]
[WhiteElo "2658"]
[BlackElo "2714"]

1. c4 g6 2. d4 Nf6 3. Nf3 Bg7 4. e3 O-O 5. Be2 d5 6. cxd5 Nxd5 7. e4 Nb6 8.
a4 a5 9. Be3 Nc6 10. O-O Bg4 11. Nbd2 e6 12. h3 Bxf3 13. Nxf3 Qe7 14. Qc1
Qb4 15. Bb5 Nxd4 16. Nxd4 Bxd4 17. Bxd4 Qxd4 18. Qxc7 Rfc8 19. Qxb7 Rab8
20. Qa7 Ra8 21. Qb7 Rab8 22. Qa7 Ra8 23. Qb7 Rab8 1/2-1/2

[Event "FIDE Grand Swiss 2021"]
[Site "Riga"]
[Date "03.11.2021"]
[Round "7"]
[White "Yu, Yangyi"]
[Black "Deac, Bogdan-Daniel"]
[Result "1/2-1/2"]
[WhiteElo "2704"]
[BlackElo "2643"]

1. e4 e5 2. Nf3 Nc6 3. Bb5 Nf6 4. d3 Bc5 5. c3 d5 6. exd5 Qxd5 7. Bc4 Qd6
8. b4 Bb6 9. Nbd2 O-O 10. a4 Bf5 11. Ba3 e4 12. dxe4 Nxe4 13. Nxe4 Bxe4 14.
Qxd6 cxd6 15. O-O-O Rac8 16. Bd5 Bxd5 17. Rxd5 Ne5 18. Nxe5 dxe5 19. Kb2
Rfd8 20. Rxe5 Rxc3 21. Rd1 Rcc8 22. Rxd8+ Rxd8 23. Re7 Bd4+ 24. Kb3 b5 25.
f3 bxa4+ 26. Kxa4 h5 27. h3 Rc8 28. Rd7 Bb6 29. Kb3 Re8 30. Bc1 Re1 31. Bf4
Rb1+ 32. Kc4 1/2-1/2

[Event "FIDE Grand Swiss 2021"]
[Site "Riga"]
[Date "03.11.2021"]
[Round "7"]
[White "Navara, David"]
[Black "Sarana, Alexey"]
[Result "1/2-1/2"]
[WhiteElo "2691"]
[BlackElo "2649"]

1. e4 c5 2. Nf3 d6 3. Bb5+ Nd7 4. d4 cxd4 5. Nxd4 Nf6 6. O-O e6 7. Re1 Be7
8. Bf1 O-O 9. c4 Qc7 10. Nc3 a6 11. Be3 b6 12. Rc1 Bb7 13. f3 Rac8 14. a3
Qb8 15. b4 Kh8 16. Kh1 Rg8 17. Qd2 Bd8 18. Red1 Bc7 19. b5 Bd8 20. bxa6
Bxa6 21. Ndb5 Be7 22. Nxd6 Bxd6 23. Qxd6 Qxd6 24. Rxd6 Bxc4 25. Rdd1 Bxf1
26. Rxf1 Ra8 27. Nb5 Rgb8 28. Rc7 Kg8 29. Kg1 h6 30. Kf2 Nc5 31. Ke2 Rc8
32. Bxc5 bxc5 33. Rxc8+ Rxc8 34. a4 Ra8 35. Ra1 Ra5 36. Nd6 Nd7 37. Nc4 Ra7
38. a5 Nb8 39. Ne5 f6 40. Rb1 Ra8 41. Nc4 Nc6 42. Ke1 Nb4 43. Rd1 Nc6 44.
Rb1 Nb4 45. Kd2 Rd8+ 46. Kc3 Rd3+ 47. Kb2 Kf8 48. Ra1 Na6 49. Kc2 Nb4+ 50.
Kb2 Na6 51. Ra3 Rd4 52. Kc3 Rd1 53. Ne3 Rc1+ 54. Kb2 Re1 55. Rb3 Nb4 56.
Nc2 Nxc2 57. Kxc2 Ra1 58. Rb5 c4 59. Kc3 Ra4 60. h4 g5 61. h5 Ke7 62. Kd4
Kd7 63. Rb7+ Ke8 64. Ra7 e5+ 65. Kc3 Kf8 66. Ra8+ Kg7 67. Ra7+ Kg8 68. Ra8+
Kg7 69. Kb2 Kf7 70. Ra7+ Kg8 71. Ra6 Kf7 72. Ra8 Kg7 73. a6 Kh7 74. Kc3 Kg7
75. a7 g4 76. fxg4 Kh7 77. Rf8 Rxa7 78. Rxf6 Rd7 79. Rc6 Rd3+ 80. Kb4 Re3
81. Rxc4 Kg7 82. Kb5 Kf6 83. Rc6+ Kg5 84. Rg6+ Kh4 85. Rxh6 Kxg4 86. Re6
Rxe4 87. h6 Kg5 88. h7 Rh4 89. Rxe5+ Kf6 90. Re3 Rxh7 91. Rh3 1/2-1/2

[Event "FIDE Grand Swiss 2021"]
[Site "Riga"]
[Date "03.11.2021"]
[Round "7"]
[White "Petrosyan, Manuel"]
[Black "Korobov, Anton"]
[Result "1/2-1/2"]
[WhiteElo "2605"]
[BlackElo "2690"]

1. d4 Nf6 2. Nf3 e6 3. Bf4 b6 4. e3 Bb7 5. h3 d5 6. Nbd2 Bd6 7. Bd3 O-O 8.
O-O Ne4 9. Bxd6 cxd6 10. c4 f5 11. cxd5 Bxd5 12. Qb1 Nxd2 13. Nxd2 Nc6 14.
e4 fxe4 15. Bxe4 Qh4 16. Bxd5 exd5 17. Qd1 Qxd4 18. Nf3 Qe4 19. Re1 Qf5 20.
Qd2 Kh8 21. Re2 Rae8 22. Rxe8 Rxe8 23. Rd1 Ne5 24. Nd4 Qg6 25. b3 h6 26.
Kh1 Nd7 27. Nb5 Nf6 28. Nxd6 Re6 29. Nb5 Ne4 30. Qd4 Rc6 31. Na3 Qd6 32.
Nb1 Qf4 33. f3 Ng3+ 34. Kh2 Qc7 35. Qxd5 Ne2+ 36. Kh1 Ng3+ 37. Kh2 Ne2+ 38.
Kh1 Ng3+ 1/2-1/2

[Event "FIDE Grand Swiss 2021"]
[Site "Riga"]
[Date "03.11.2021"]
[Round "7"]
[White "Sargissian, Gabriel"]
[Black "Nihal, Sarin"]
[Result "1/2-1/2"]
[WhiteElo "2664"]
[BlackElo "2652"]

1. d4 Nf6 2. c4 g6 3. Nf3 Bg7 4. g3 O-O 5. Bg2 c6 6. O-O d5 7. cxd5 cxd5 8.
Ne5 Nfd7 9. Bxd5 Nxe5 10. dxe5 Nc6 11. Bxc6 bxc6 12. Qxd8 Rxd8 13. Bf4 Rb8
14. Nc3 Rxb2 15. Rfd1 Re8 16. Rab1 Rxb1 17. Rxb1 h6 18. h4 g5 19. hxg5 hxg5
20. Bxg5 Bxe5 21. Rb3 Be6 22. Ra3 Bxc3 23. Rxc3 Bxa2 24. Rxc6 a5 25. Ra6
Bc4 26. Rxa5 f6 27. Be3 Bxe2 28. Kg2 Kf7 29. f3 Rc8 30. Rc5 Rxc5 1/2-1/2

[Event "FIDE Grand Swiss 2021"]
[Site "Riga"]
[Date "03.11.2021"]
[Round "7"]
[White "Tari, Aryan"]
[Black "Sjugirov, Sanan"]
[Result "1/2-1/2"]
[WhiteElo "2646"]
[BlackElo "2663"]

1. e4 c5 2. Nf3 d6 3. Bb5+ Bd7 4. Bxd7+ Qxd7 5. O-O Nf6 6. Qe2 Nc6 7. c3 e6
8. d4 cxd4 9. cxd4 d5 10. e5 Ne4 11. Nbd2 Nxd2 12. Bxd2 Be7 13. g3 O-O 14.
Kg2 Rae8 15. Rad1 h6 16. h4 f5 17. exf6 Bxf6 18. Bc3 Rf7 19. Rfe1 Bd8 20.
Rd3 Bb6 21. b4 a6 22. a4 Rf5 23. h5 Nd8 24. a5 Bc7 25. Nh4 Rf6 26. Ng6 Nf7
27. Bd2 Nd6 28. Bf4 Nc4 29. Qg4 Bxf4 30. Nxf4 Qf7 31. Rdd1 Nd6 32. Re5 Nc4
33. Re2 Nd6 34. Rc1 Re7 35. Rc5 Re8 36. Rc1 Ne4 37. Rec2 Nd6 38. Ng6 Rf5
39. Ne5 Qxh5 40. Qxh5 Rxh5 41. Rc7 Rf5 42. Rd7 Nc4 43. Rxb7 Rc8 44. Nd3 Rf7
45. Rxf7 Kxf7 46. Nc5 Rc6 47. b5 axb5 48. a6 Ke7 49. Rb1 1/2-1/2

[Event "FIDE Grand Swiss 2021"]
[Site "Riga"]
[Date "03.11.2021"]
[Round "7"]
[White "Volokitin, Andrei"]
[Black "Aronian, Levon"]
[Result "1-0"]
[WhiteElo "2652"]
[BlackElo "2782"]

1. e4 e5 2. Nf3 Nc6 3. Bb5 a6 4. Ba4 Nf6 5. O-O b5 6. Bb3 Bc5 7. a4 Rb8 8.
c3 d6 9. d4 Bb6 10. a5 Ba7 11. h3 Bb7 12. Be3 Nxe4 13. Re1 Ne7 14. dxe5
Bxe3 15. Rxe3 dxe5 16. Rd3 Nd6 17. Ng5 Nd5 18. Nxf7 Nxf7 19. Bxd5 Bxd5 20.
Rxd5 Qh4 21. Nd2 O-O 22. Qg4 Qxg4 23. hxg4 c6 24. Rd7 Ng5 25. Ra7 Rbd8 26.
Nb3 c5 27. Nxc5 Rd2 28. Nd7 Rd8 29. Nxe5 Rxb2 30. Re1 h6 31. Ng6 Kh7 32.
Nh4 b4 33. Ree7 Rg8 34. cxb4 Rxb4 35. f3 h5 36. Nf5 hxg4 37. Rxg7+ Kh8 38.
Rxg8+ Kxg8 39. Rg7+ 1-0

[Event "FIDE Grand Swiss 2021"]
[Site "Riga"]
[Date "03.11.2021"]
[Round "7"]
[White "Donchenko, Alexander"]
[Black "Vitiugov, Nikita"]
[Result "0-1"]
[WhiteElo "2648"]
[BlackElo "2727"]

1. c4 e5 2. Nc3 Nf6 3. Nf3 Nc6 4. e4 Bb4 5. d3 d6 6. a3 Bc5 7. b4 Bb6 8.
Be3 Bxe3 9. fxe3 O-O 10. Be2 Ne7 11. O-O Ng6 12. a4 a5 13. b5 Qe7 14. Qe1
c6 15. Nh4 Nxh4 16. Qxh4 Re8 17. Rab1 Be6 18. Rb2 Rac8 19. Qg3 d5 20. bxc6
bxc6 21. Qxe5 dxc4 22. dxc4 Qa7 23. Qg3 Nd7 24. e5 Nc5 25. Rd2 Rb8 26. Rd4
Rb2 27. Bf3 Nb3 28. c5 Nxd4 29. exd4 Qd7 30. Rd1 Bb3 31. Rd3 Bc2 32. Rd2
Reb8 33. e6 fxe6 34. Qd6 Qxd6 35. cxd6 Kf8 36. Bxc6 Bf5 37. Rxb2 Rxb2 38.
Nb5 Rd2 39. h3 Kf7 40. g4 Bc2 41. d7 Ke7 42. Nd6 Rxd4 43. Nb7 Bd3 44. Kf2
Ba6 45. Nc5 Rd6 46. Be4 h6 47. Ke3 Bc4 48. Bb7 Bd5 49. h4 Bxb7 50. Nxb7
Rxd7 51. Nxa5 e5 52. Ke4 Ke6 53. Nc6 Rd1 54. a5 Re1+ 55. Kd3 Kd6 0-1

[Event "FIDE Grand Swiss 2021"]
[Site "Riga"]
[Date "03.11.2021"]
[Round "7"]
[White "Harikrishna, Pentala"]
[Black "Chigaev, Maksim"]
[Result "1-0"]
[WhiteElo "2719"]
[BlackElo "2639"]

1. d4 Nf6 2. c4 g6 3. Nc3 d5 4. cxd5 Nxd5 5. e4 Nxc3 6. bxc3 Bg7 7. Nf3 c5
8. h3 O-O 9. Be2 b5 10. O-O cxd4 11. cxd4 Bb7 12. Qd3 b4 13. Bf4 Ba6 14.
Qe3 Bxe2 15. Qxe2 a5 16. Rac1 Qb6 17. d5 a4 18. Be5 Bxe5 19. Nxe5 b3 20.
axb3 Qxb3 21. Qd2 a3 22. Ra1 a2 23. Rfe1 Rc8 24. Qf4 f6 25. Qg4 Qc3 26.
Qe6+ Kh8 27. Nf7+ Kg7 28. Nd8 Rxd8 29. Qxe7+ Kh6 30. Qxd8 Qe5 31. d6 1-0

[Event "FIDE Grand Swiss 2021"]
[Site "Riga"]
[Date "03.11.2021"]
[Round "7"]
[White "Swiercz, Dariusz"]
[Black "Fedoseev, Vladimir"]
[Result "0-1"]
[WhiteElo "2647"]
[BlackElo "2704"]

1. e4 c5 2. Nf3 d6 3. d4 cxd4 4. Nxd4 Nf6 5. Nc3 a6 6. Bg5 e6 7. f4 h6 8.
Bh4 Qb6 9. a3 Nbd7 10. Bf2 Qc7 11. Bd3 e5 12. Nde2 b5 13. O-O Bb7 14. Qd2
Be7 15. Kh1 Rd8 16. Rae1 g6 17. Bg1 h5 18. h3 Kf8 19. Bh2 Kg7 20. f5 Qc8
21. fxg6 fxg6 22. Nd5 Rde8 23. Nxe7 Rxe7 24. Qg5 Rf7 25. Ng3 Qf8 26. Bg1
Kh7 27. Be3 Qg7 28. Rf2 h4 29. Qxh4+ Kg8 30. Qg5 Nf8 31. Ne2 Ne6 32. Qg3
Nxe4 33. Bxe4 Bxe4 34. Nc3 Rxf2 35. Qxf2 Bb7 36. Qg3 Qf6 37. Kg1 Rh5 38.
Rf1 Rf5 39. Rxf5 Qxf5 40. Qf2 d5 41. Qxf5 gxf5 42. Ne2 d4 43. Bd2 f4 44. c3
d3 45. Nc1 Nc5 46. b4 Ne4 47. Nxd3 Nxd2 48. Nxe5 Be4 49. Nd7 Kf7 50. Nc5
Bd5 51. Nxa6 Ne4 52. Nc5 Nxc5 53. bxc5 Ke6 54. Kf2 Kd7 55. g3 fxg3+ 56.
Kxg3 Kc6 57. Kf2 Kxc5 58. Ke3 Kc4 59. Kd2 Be4 60. h4 Bf5 61. h5 Bh7 62. h6
Bg6 0-1

[Event "FIDE Grand Swiss 2021"]
[Site "Riga"]
[Date "03.11.2021"]
[Round "7"]
[White "Bluebaum, Matthias"]
[Black "Maghsoodloo, Parham"]
[Result "0-1"]
[WhiteElo "2640"]
[BlackElo "2701"]

1. d4 d5 2. c4 e6 3. Nc3 Bb4 4. a3 Bxc3+ 5. bxc3 Nf6 6. e3 c6 7. a4 O-O 8.
Ba3 Re8 9. Nf3 Qc7 10. Rc1 Nbd7 11. Be2 a6 12. Qb3 dxc4 13. Qxc4 b5 14.
axb5 axb5 15. Qb3 e5 16. c4 exd4 17. Nxd4 b4 18. Bxb4 Rb8 19. Qa3 Rxb4 20.
Qxb4 c5 21. Qb2 cxd4 22. exd4 Nh5 23. O-O Nf4 24. Rfe1 Qa5 25. Kf1 Ba6 26.
Ra1 Qf5 27. Bf3 Bxc4+ 28. Kg1 Rf8 29. Qb7 g6 30. Ra8 Rxa8 31. Qxa8+ Kg7 32.
Qe4 Qg5 33. Qe3 Qf6 34. d5 Bxd5 35. Bxd5 Nxd5 36. Qd2 N7b6 37. Re4 Nc3 38.
Re1 Nbd5 39. Qd3 h5 40. h3 h4 41. Re8 Nf4 42. Qe3 Ne6 43. Ra8 Nd5 44. Qc1
Nec7 45. Ra3 Nb5 46. Ra8 Ndc7 47. Rb8 Qe5 48. Rd8 Nc3 49. Qd2 N7d5 50. Ra8
Nb6 51. Ra6 Nc4 52. Qd8 Ne2+ 53. Kf1 Nd4 54. Ra2 Qe4 55. Kg1 Qb1+ 56. Kh2
Nf3+ 57. gxf3 Qxa2 58. Qd4+ f6 59. Qxh4 Ne3 0-1

[Event "FIDE Grand Swiss 2021"]
[Site "Riga"]
[Date "03.11.2021"]
[Round "7"]
[White "Xiong, Jeffery"]
[Black "Shevchenko, Kirill"]
[Result "0-1"]
[WhiteElo "2700"]
[BlackElo "2632"]

1. Nf3 Nf6 2. d4 g6 3. Nbd2 Bg7 4. e4 d6 5. c3 O-O 6. Be2 Nc6 7. O-O e5 8.
dxe5 Nxe5 9. Nxe5 dxe5 10. Qc2 Qe7 11. Nc4 b6 12. Bg5 Ba6 13. Ne3 Bxe2 14.
Qxe2 Qe6 15. f3 h6 16. Bh4 Nh5 17. Qc4 Qxc4 18. Nxc4 f6 19. Rfd1 Rfd8 20.
b4 Nf4 21. Kf1 Kf8 22. Bf2 Ke8 23. g3 Ne6 24. Ke2 Rxd1 25. Rxd1 Rd8 26. Ra1
h5 27. Be3 f5 28. Bd2 Bf6 29. a4 a6 30. Be3 Rd7 31. a5 b5 32. Nb2 f4 33.
Bf2 g5 34. c4 c6 35. Rc1 g4 36. fxg4 hxg4 37. cxb5 cxb5 38. Nd3 f3+ 39. Kd2
Ng5 40. Re1 Rh7 41. h4 gxh3 42. Bc5 f2 0-1

[Event "FIDE Grand Swiss 2021"]
[Site "Riga"]
[Date "03.11.2021"]
[Round "7"]
[White "Hovhannisyan, Robert"]
[Black "Artemiev, Vladislav"]
[Result "1/2-1/2"]
[WhiteElo "2622"]
[BlackElo "2699"]

1. e4 c6 2. d4 d5 3. e5 Bf5 4. Nf3 e6 5. Be2 Ne7 6. O-O c5 7. dxc5 Nec6 8.
Be3 Nd7 9. c4 dxc4 10. Na3 Bxc5 11. Nxc4 O-O 12. Bxc5 Nxc5 13. Qc1 Bd3 14.
Rd1 Bxe2 15. Rxd8 Raxd8 16. Nd6 b6 17. Qe3 Bxf3 18. gxf3 Nb4 19. Qd2 a5 20.
Rd1 Nxa2 21. Kh1 Nb4 22. Rg1 Nbd3 23. Rxg7+ Kxg7 24. Qg5+ Kh8 25. Qf6+ Kg8
26. Qg5+ Kh8 27. Qf6+ Kg8 28. Qg5+ Kh8 29. Qf6+ Kg8 30. Qg5+ Kh8 1/2-1/2

[Event "FIDE Grand Swiss 2021"]
[Site "Riga"]
[Date "03.11.2021"]
[Round "7"]
[White "Tabatabaei, M. Amin"]
[Black "Eljanov, Pavel"]
[Result "1/2-1/2"]
[WhiteElo "2639"]
[BlackElo "2691"]

1. e4 e5 2. Nf3 Nc6 3. Bb5 Nf6 4. O-O Nxe4 5. d4 Nd6 6. Bxc6 dxc6 7. dxe5
Nf5 8. Qxd8+ Kxd8 9. Nc3 Be7 10. a4 Nh4 11. Rd1+ Ke8 12. Nd4 Nf5 13. Nde2
a5 14. Ne4 Nh4 15. Nd4 Nf5 16. Ne2 Nh4 17. Nd4 Nf5 18. Nf3 Be6 19. h3 Bd5
20. Re1 b6 21. Bf4 Kd7 22. Rad1 Kc8 23. b3 h5 24. c4 Be6 25. Neg5 Bxg5 26.
Nxg5 c5 27. Rd3 Kb7 28. g4 Nd4 29. f3 Raf8 30. Kg2 Bc8 31. Ne4 Re8 32. Bg3
Bd7 33. Nc3 Bc6 34. Ne2 Ne6 35. Nf4 Rd8 36. Red1 hxg4 37. hxg4 Nd4 38. Bf2
Rhe8 39. Bxd4 cxd4 40. Rxd4 Rxd4 41. Rxd4 Rxe5 42. Kf2 Kc8 43. Nh5 g5 44.
Nf6 1/2-1/2

[Event "FIDE Grand Swiss 2021"]
[Site "Riga"]
[Date "03.11.2021"]
[Round "7"]
[White "Wojtaszek, Radoslaw"]
[Black "Kuzubov, Yuriy"]
[Result "1/2-1/2"]
[WhiteElo "2691"]
[BlackElo "2624"]

1. d4 Nf6 2. c4 e6 3. Nf3 d5 4. Nc3 Nbd7 5. Qc2 c5 6. cxd5 Nxd5 7. Nxd5
exd5 8. e3 Bd6 9. b3 O-O 10. Bd3 h6 11. Bb2 b6 12. O-O Bb7 13. Rfd1 Rc8 14.
dxc5 bxc5 15. Bh7+ Kh8 16. Bf5 Rc7 17. e4 d4 18. b4 Qe7 19. bxc5 Nxc5 20.
Qd2 Ne6 21. Nxd4 Rd8 22. Qe3 Bf4 23. Qf3 Nxd4 24. Rxd4 Rxd4 25. Qxf4 Qd6
26. Qxd6 Rxd6 27. Be5 Rdc6 28. Bxc7 Rxc7 29. f3 g6 30. Bh3 Bc8 31. Bxc8
Rxc8 32. Rd1 Kg7 33. Rd2 Rc3 34. Kf2 g5 35. Kg3 Ra3 36. h4 Kg6 37. hxg5
hxg5 38. Kg4 f6 39. g3 Kf7 40. f4 gxf4 41. gxf4 Ke6 42. Rc2 f5+ 43. exf5+
Kf6 44. Rg2 Ra4 45. Rc2 Ra3 46. Rc6+ Kf7 47. f6 Kg6 48. f5+ Kf7 49. Kg5
Rg3+ 50. Kf4 Ra3 51. Kg5 Rg3+ 52. Kf4 Ra3 53. Rc2 Kxf6 54. Ke4 Ra4+ 55. Kd5
Kxf5 56. Rf2+ Kg5 57. Kc5 a6 1/2-1/2

[Event "FIDE Grand Swiss 2021"]
[Site "Riga"]
[Date "03.11.2021"]
[Round "7"]
[White "Kryvoruchko, Yuriy"]
[Black "Jobava, Baadur"]
[Result "1-0"]
[WhiteElo "2686"]
[BlackElo "2582"]

1. e4 c5 2. Nf3 e6 3. d4 cxd4 4. Nxd4 Nf6 5. Nc3 Nc6 6. Nxc6 bxc6 7. e5 Nd5
8. Ne4 Qc7 9. f4 Rb8 10. a3 Qb6 11. c4 Ne3 12. Qd3 Nxf1 13. Rxf1 c5 14. Bd2
d5 15. exd6 f5 16. Ng5 h6 17. Qh3 Rg8 18. Bc3 Qb3 19. Rd1 Qxc4 20. Rf2 Rb6
21. Be5 Kd7 22. Nf7 Ba6 23. Qe3 Qe4 24. Qxe4 fxe4 25. Rc2 Rc6 26. b4 Bd3
27. Rxc5 Rxc5 28. bxc5 Ke8 29. c6 Kxf7 30. d7 Bxa3 31. Rxd3 exd3 32. c7 1-0